书目信息 |
| 题名: |
中国古代音乐简史
|
|
| 作者: | 廖辅叔 编著 | |
| 分册: | ||
| 出版信息: | 北京 人民音乐出版社 1964 |
|
| 页数: | 141页 | |
| 开本: | 20cm | |
| 丛书名: | ||
| 单 册: | ||
| 中图分类: | J120.92 | |
| 科图分类: | ||
| 主题词: | 音乐史--中国--古代 , 艺术--中国 , 中国艺术节 | |
| 电子资源: | ||
| ISBN: | ||
| 000 | 00582nam0 2200217 45 | |
| 001 | 0206110886 | |
| 005 | 20061128105648.09 | |
| 010 | @dCNY0.81 | |
| 091 | @a8026.2051 | |
| 100 | @a20020611d1964 km y0chiy0120 ea | |
| 101 | 0 | @achi |
| 200 | 1 | @a中国古代音乐简史@AZhong Guo Gu Dai Yin Yue Jian Shi@f廖辅叔编著@FLiao Fu Shu Bian Zhu |
| 210 | @a北京@c人民音乐出版社@d1964 | |
| 215 | @a141页@d20cm | |
| 606 | 0 | @a音乐史@y中国@z古代 |
| 606 | 0 | @a艺术@x中国 |
| 606 | 0 | @a中国艺术节 |
| 690 | @aJ120.92@v1 | |
| 701 | 0 | @a廖辅叔@4编著 |
| 801 | @aCN@bTSTC@c20061128 | |
| 905 | @dJ120.92@e4 | |
| 中国古代音乐简史/廖辅叔编著.-北京:人民音乐出版社,1964 |
| 141页;20cm |
| ISBN :CNY0.81 |
| ● |
| 相关链接 |
|
|
|
|
正题名:中国古代音乐简史
索取号:J120.92/4
 
预约/预借
| 序号 | 登录号 | 条形码 | 馆藏地/架位号 | 状态 | 备注 |
| 1 | 0162297 | 001214616 | 第一样本阅览室/ [索取号:J120.92/4] | 在馆 |